|
|
|
|
| LEADER |
00000cam a2200000 a 4500 |
| 001 |
36492 |
| 003 |
CZ-ZlUTB |
| 005 |
20190826000736.0 |
| 008 |
080402s2008 xr ad f 001 0 cze d |
| 020 |
|
|
|a 9788025117668
|q (váz.) :
|c Kč 899,00
|
| 040 |
|
|
|a KLG001
|b cze
|d ZLD002
|
| 041 |
1 |
|
|a cze
|h ger
|
| 072 |
|
7 |
|a 005
|x Management. Řízení
|2 Konspekt
|9 4
|
| 080 |
|
|
|a 005.6
|2 MRF
|
| 080 |
|
|
|a 005.8
|2 MRF
|
| 080 |
|
|
|a 005.21
|2 MRF
|
| 080 |
|
|
|a 658
|2 MRF
|
| 080 |
|
|
|a 005.6:005.22
|2 MRF
|
| 080 |
|
|
|a (035)
|2 MRF
|
| 080 |
|
|
|a (078.7)
|2 MRF
|
| 100 |
1 |
|
|a Töpfer, Armin,
|d 1944-
|7 mzk2008442960
|
| 245 |
1 |
0 |
|a Six sigma :
|b koncepce a příklady pro řízení bez chyb /
|c Armin Töpfer a kolektiv ; [překlad Pavla Škrabalová]
|
| 250 |
|
|
|a 1. vyd.
|
| 260 |
|
|
|a Brno :
|b Computer Press,
|c 2008
|
| 300 |
|
|
|a x, 508 s. :
|b il. ;
|c 23 cm
|
| 490 |
1 |
|
|a Praxe manažera
|
| 500 |
|
|
|a Obálkový podnázev: problémy kvality a jejich odstraňování--zlepšování podnikových výsledků--zavádění a praktická realizace
|
| 504 |
|
|
|a Obsahuje bibliografii a rejstřík
|
| 650 |
0 |
7 |
|a podnikový management
|7 ph115763
|2 czenas
|
| 650 |
0 |
7 |
|a management jakosti
|7 ph115218
|2 czenas
|
| 650 |
0 |
7 |
|a projektový management
|7 ph115894
|2 czenas
|
| 650 |
0 |
7 |
|a strategický management
|7 ph116291
|2 czenas
|
| 650 |
0 |
7 |
|a Six Sigma (metoda)
|7 ph341318
|2 czenas
|
| 655 |
|
7 |
|a příručky
|7 fd133209
|2 czenas
|
| 655 |
|
7 |
|a případové studie
|7 fd133208
|2 czenas
|
| 765 |
0 |
|
|t Six sigma
|9 Česky
|
| 830 |
|
0 |
|a Praxe manažera
|
| 910 |
|
|
|a ZLD002
|
| 952 |
|
|
|0 0
|1 0
|4 0
|6 658TÖPFERA
|7 0
|8 BOOK
|9 81693
|a UTBZL
|b UTBZL
|c 030
|d 2008-04-11
|l 0
|o 658/TÖPFER,A.
|p 420010115929
|r 2019-08-26 00:00:00
|v 899.00
|w 2019-08-26
|x N:nákup | 20100831
|y 05
|
| 952 |
|
|
|0 0
|1 0
|4 0
|6 658TÖPFERA
|7 0
|8 BOOK
|9 81694
|a UTBZL
|b UTBZL
|c 006
|d 2008-04-11
|l 29
|o 658/TÖPFER,A.
|p 420010115926
|r 2023-05-15 00:00:00
|s 2023-04-24
|v 899.00
|w 2019-08-26
|x N:nákup | 20100831
|y 04
|
| 952 |
|
|
|0 0
|1 0
|4 0
|6 658TÖPFERA
|7 0
|8 BOOK
|9 81695
|a UTBZL
|b UTBZL
|c 006
|d 2008-04-11
|l 20
|m 3
|o 658/TÖPFER,A.
|p 420010115927
|r 2023-06-09 00:00:00
|s 2023-02-09
|v 899.00
|w 2019-08-26
|x N:nákup | 20100831
|y 04
|
| 952 |
|
|
|0 0
|1 0
|4 0
|6 658TÖPFERA
|7 0
|8 BOOK
|9 81696
|a UTBZL
|b UTBZL
|c 006
|d 2008-04-11
|l 28
|m 4
|o 658/TÖPFER,A.
|p 420010115928
|r 2025-03-26 00:00:00
|s 2021-01-26
|v 899.00
|w 2019-08-26
|x N:nákup
|y 04
|
| 952 |
|
|
|0 1
|1 0
|4 0
|6 658TÖPFERA
|7 0
|8 BOOK
|9 81697
|a UTBZL
|b UTBZL
|c 010
|d 2008-04-15
|l 1
|m 2
|o 658/TÖPFER,A.
|p 420010116099
|r 2024-05-28 00:00:00
|v 899.00
|w 2019-08-26
|x zastaralé
|y 08
|
| 992 |
|
|
|a BK
|b SK
|d 71
|
| 999 |
|
|
|c 36492
|d 36492
|